000 002640000a22001210004500
082 0 4 _aGI CD D632hh
110 1 _aWalt Disney
245 1 0 _aThe Hunchback of notre dame / Walt Disney
300 _a24 P.
650 1 4 _aLiteratura Infantil
001 230
942 _cLGB
999 _c47483
_d47483